№ 3; Аналитические обзоры по основным направлениям развития высшего образования; От общеобразовательной школы к профессиональной: моделирование процесса организации профильной подготовки обучающихся

Bibliografische gegevens
Parent link:Аналитические обзоры по основным направлениям развития высшего образования: Обзорная информация/ Федеральный институт развития образования. № 3.— , 2004-
Samenvatting:Проведен анализ реализации профильной подготовки обучающихся основной школы с учетом возможностей профессионального образования и возможности моделирования системы профессионального самоопределения учащихся общеобразовательной школы, в приложении представлены примерная программа элективного курса "Профессиональное самоопределение школьников в профильной подготовке" и глоссарий основных понятий. Предлагаемый материал позволит учителям моделировать профильную подготовку совместно со специалистами профессионального образования. Аналитический обзор адресован преподавателям и психологам, руководителям образовательных учреждений и специалистам органов управления.
Taal:Russisch
Gepubliceerd in: 2008
TOC:Н. В. Тарасова, От общеобразовательной школы к профессиональной: моделирование процесса организации профильной подготовки обучающихся;
Onderwerpen:
Formaat: Boek
KOHA link:https://koha.lib.tpu.ru/cgi-bin/koha/opac-detail.pl?biblionumber=406511

MARC

LEADER 00000nam2a2200000 4500
001 406511
005 20250214180856.0
035 |a (RuTPU)RU\TPU\prd\57614 
090 |a 406511 
100 |a 20080521a20049999km y0rusy50 ca 
101 0 |a rus 
102 |a RU 
200 0 |a № 3 
210 |d 2008 
330 |a Проведен анализ реализации профильной подготовки обучающихся основной школы с учетом возможностей профессионального образования и возможности моделирования системы профессионального самоопределения учащихся общеобразовательной школы, в приложении представлены примерная программа элективного курса "Профессиональное самоопределение школьников в профильной подготовке" и глоссарий основных понятий. Предлагаемый материал позволит учителям моделировать профильную подготовку совместно со специалистами профессионального образования. Аналитический обзор адресован преподавателям и психологам, руководителям образовательных учреждений и специалистам органов управления. 
461 1 |0 (RuTPU)RU\TPU\prd\23824  |t Аналитические обзоры по основным направлениям развития высшего образования  |o Обзорная информация  |f Федеральный институт развития образования  |v № 3  |d 2004- 
464 |t От общеобразовательной школы к профессиональной: моделирование процесса организации профильной подготовки обучающихся  |f Н. В. Тарасова 
610 1 |a аналитические обзоры 
610 1 |a высшее образование 
610 1 |a подготовка учащихся 
610 1 |a общеобразовательная школа 
801 0 |a RU  |b 63413507  |c 20010227  |g PSBO 
801 1 |a RU  |b 63413507  |c 20080521  |g PSBO 
801 2 |a RU  |b 63413507  |c 20140225  |g PSBO 
942 |c CR